Faculty of Law Library — Cairo University

Official Online Catalog

نظرية الدفوع في قانون الإجراءات الجنائية : (Record no. 62367)

MARC details
000 -LEADER
fixed length control field 01997nam a2200361 i 4500
003 - CONTROL NUMBER IDENTIFIER
control field EG-GICUC
005 - DATE AND TIME OF LATEST TRANSACTION
control field 20260210112440.0
008 - FIXED-LENGTH DATA ELEMENTS--GENERAL INFORMATION
fixed length control field 260210s2003 ua ||||fr|||| 00| 0 ara d
017 ## - COPYRIGHT OR LEGAL DEPOSIT NUMBER
Copyright or legal deposit number 2003/7184
020 ## - INTERNATIONAL STANDARD BOOK NUMBER
International Standard Book Number 9772363992
040 ## - CATALOGING SOURCE
Original cataloging agency EG-GICUC
Language of cataloging ara
Transcribing agency EG-GICUC
Modifying agency EG-GICUC
Description conventions rda
041 ## - LANGUAGE CODE
Language code of text/sound track or separate title ara
082 04 - DEWEY DECIMAL CLASSIFICATION NUMBER
Edition number 21
Classification number 343.3
Item number م د . ن
092 04 - LOCALLY ASSIGNED DEWEY CALL NUMBER (OCLC)
Edition number 21
099 ## - LOCAL FREE-TEXT CALL NUMBER (OCLC)
Classification number Law1 10 343.3 م د . ن 2 ed - 2003
100 0# - MAIN ENTRY--PERSONAL NAME
Personal name مدحت محمد سعد الدين
Relator term مؤلف.
245 12 - TITLE STATEMENT
Title نظرية الدفوع في قانون الإجراءات الجنائية :
Remainder of title دراسة تحليلية تأصيلية مقارنة بقانون المرافعات شاملة آراء الفقه وأحكام النقض /
Statement of responsibility, etc. تأليف المستشار الدكتور مدحت محمد سعد الدين.
250 ## - EDITION STATEMENT
Edition statement الطبعة الثانية،
Remainder of edition statement ه 1424 - 2003م .
264 #1 - PRODUCTION, PUBLICATION, DISTRIBUTION, MANUFACTURE, AND COPYRIGHT NOTICE
Place of production, publication, distribution, manufacture القاهرة :
Name of producer, publisher, distributor, manufacturer مدحت محمد سعد الدين،
Date of production, publication, distribution, manufacture, or copyright notice 2003.
300 ## - PHYSICAL DESCRIPTION
Extent 766 صفحة ;
Dimensions 24 سم.
336 ## - CONTENT TYPE
Source rda content
Content type term text
337 ## - MEDIA TYPE
Source rda media
Media type term Computer
338 ## - CARRIER TYPE
Source rda carrier
Carrier type term Online Resource
504 ## - BIBLIOGRAPHY, ETC. NOTE
Bibliography, etc. note يشتمل على إرجاعات ببليوجرافية.
505 ## - FORMATTED CONTENTS NOTE
Formatted contents note تعريف الدفوع وأساسها القانوني في قانوني المرافعات والإجراءات الجنائية .<br/>النظام القانوني للدفع : طبيعته الإجرائية - شروطه - مراحل إيدانه - اثباته<br/>تقادامه - ضوابط تسبيب الحكم الصادر في الدفع<br/>تقسيمات الدفوع : شكلية - موضوعية .<br/>طبيعة الحكم الصادر في الدفع والآثار المترتبة على ذلك .
546 ## - LANGUAGE NOTE
Language note النص باللغة العربية
650 1# - SUBJECT ADDED ENTRY--TOPICAL TERM
Topical term or geographic name entry element القانون الجنائي
650 1# - SUBJECT ADDED ENTRY--TOPICAL TERM
Topical term or geographic name entry element قانون الإجراءات الجنائية
653 ## - INDEX TERM--UNCONTROLLED
Uncontrolled term نظرية الدفوع
856 40 - ELECTRONIC LOCATION AND ACCESS
Uniform Resource Identifier <a href="https://fll.law.cu.edu.eg/fulltext/bks/B10-08363.pdf">https://fll.law.cu.edu.eg/fulltext/bks/B10-08363.pdf</a>
905 ## - Cataloger and Reviser Names
Cataloger Name: Gomana
942 ## - ADDED ENTRY ELEMENTS (KOHA)
Source of classification or shelving scheme Dewey Decimal Classification
Suppress in OPAC No
Koha item type Books
Edition 21
Holdings
Withdrawn status Lost status Source of classification or shelving scheme Damaged status Not for loan Collection Home library Current library Date acquired Total checkouts Full call number Barcode Date last seen Copy number Price effective from Koha item type
    Dewey Decimal Classification   Not for loan القانون الجنائي جــــامعة القــاهرة مكتبة كلية الحقوق - المبنى الرئيسي 10.02.2026   Law1 10 343.3 م د . ن 2 ed - 2003 1008363 C1 B10-08363 10.02.2026 1 10.02.2026 Books
    Dewey Decimal Classification     القانون الجنائي جــــامعة القــاهرة مكتبة كلية الحقوق - المبنى الرئيسي 10.02.2026   Law1 10 343.3 م د . ن 2 ed - 2003 1008364 C2 B10-08364 10.02.2026 2 10.02.2026 Books

© All rights reserved — Faculty of Law, Cairo University